Solutions Manual to Accompany CLASSICAL GEOMETRY Euclidean, Transformational, Inversive, and Projective /

Bibliographic Details
Main Author: Leonard, I.E
Format: Book
Published: Hoboken: Wiley, 2014.
Subjects:
LEADER 00673cam a2200193 7i4500
001 0000016495
005 20151104090000.0
005 ##20151104120100.0
003 ##MY-KlINT
020 # # |a 9788132111221  
039 # 9 |y 201511041201  |z VLOAD 
090 0 0 |a 516   |b LEO 
100 1 # |a Leonard, I.E. 
245 1 0 |a Solutions Manual to Accompany CLASSICAL GEOMETRY Euclidean, Transformational, Inversive, and Projective /   |c I.E. Leonard, J.E. Lewis, A.C.F.Liu, G.W. Tokarsky. 
260 # # |a Hoboken:   |b Wiley,   |c 2014. 
300 # # |a vi, 162p:   |b ill;   |c 23cm. 
650 # 0 |a Computer crimes --   |x Prevention --   |x Government policy  
650 # 0 |a Geometry  
999 |a 1503070259  |b BOOK  |c Main Non-Fiction  |e INTAN BK